| 000 | 00502 a2200169 4500 | ||
|---|---|---|---|
| 003 | OSt | ||
| 005 | 20240823122007.0 | ||
| 008 | 231019b |||||||| |||| 00| 0 eng d | ||
| 020 | _a9786030140909 | ||
| 040 | _coclc | ||
| 082 |
_a492.7 _bHUS/A |
||
| 100 |
_aFouzil,abdulrahmanbin _910483 |
||
| 245 |
_aal-ʻArabīyah bayna yadayk / _cAbdu Rahman Bin Ibrahim Fouzil |
||
| 260 |
_aRiyadh: _bArabic For All, _c2014. |
||
| 300 | _a2v | ||
| 942 |
_2ddc _cBK _h492.7 _iHUS/A _k492.7 _mHUS/A |
||
| 999 |
_c42655 _d42655 |
||